Текст томруулах:    
Cost accounting (Бичлэгийн дугаар. 145998)
000 -УДИРДЛАГА
Удирдлага 01068nam a22003257a 4500
003 - ХЯНАЛТЫН ТОО ТОДОРХОЙЛОГЧ
Код MN-UlNUM
005 - БИЧИЛТ ХИЙСЭН ОГНОО
Тухайн бичилтийг бичсэн засварласан сүүлийн огноо 20251222144416.0
008 - ЕРӨНХИЙ МЭДЭЭЛЭЛ
Ерөнхий мэдээлэл 251222s1994 ohuab||| |||| 001 0 eng |
020 ## - ISBN
ISBN 0538825332
040 ## - БИЧЛЭГ ҮҮСГЭГЧ БАЙГУУЛЛАГА
Бичлэг үүсгэгч номын сангийн код МУИС-ийн номын сан
084 ## - ББК АНГИЛАЛ
Нэмэлт тусгалт Гарын авлага
ББК ангилал 65.290-2
Зохиогчийн гурван тэмдэгт D 98
Мэдлэгийн ялгаа 65 - Эдийн засаг
100 1# - ЗОХИОГЧ
Зохиогчийн нэр Dyckman, Thomas R.
245 10 - ҮНДСЭН ГАРЧИГ
Номын нэр Cost accounting
Бага гарчгийн мэдээ Concepts and managerial applications
Оролцогчдын тухай мэдээ Thomas R. Dyckman, Harold Bierman, Jr., Dale C. Morse.
250 ## - ДАХИН ХЭВЛЭЛТ
Дахин гаралтын дугаар 2nd ed.
260 ## - ГАРАЛТЫН МЭДЭЭ
Хэвлэгдсэн газар Cincinnati, Ohio :
Хэвлэлийн газар College Division, South-Western Pub. Co.,
Хэвлэгдсэн он 1994.
300 ## - МАТЕРИАЛЫН ТОДОРХОЙЛОЛТ
хуудасны тоо xxvii, 839 p. :
Бусад тоон мэдээлэл ill. ;
Хэмжээ 26 cm.
500 ## - Тайлбар
Дансны дугаар БС 4660
546 ## - ХЭЛНИЙ ТУХАЙ МЭДЭЭ
Хэл Англи хэл дээр,
653 ## - Түлхүүр үг
Түлхүүр үг cost accounting
653 ## - Түлхүүр үг
Түлхүүр үг managerial accounting
700 1# - ХАМ ЗОХИОГЧИД
Ба бус Morse, Dale,
Dates associated with a name 1947-
700 1# - ХАМ ЗОХИОГЧИД
Ба бус Bierman, Harold.
740 ## - НОМЫН ГАРЧИГ
Гарчиг The Role of Cost Accounting
740 ## - НОМЫН ГАРЧИГ
Гарчиг Basic Cost Terms and Concepts
740 ## - НОМЫН ГАРЧИГ
Гарчиг Cost-Volume-Profit Analysis
740 ## - НОМЫН ГАРЧИГ
Гарчиг Product-Costing Systems and Job-Order Cosing
942 ## - ЭЛЕМЕНТИЙН ТӨРӨЛ
Зүйлийн төрөл Ном